000 00301nam a2200121Ia 4500
008 191201s2009 xx 000 0 und d
100 _aSAXENA, Sanjay
245 0 _aComputer Applications in Management
260 _aN. Delhi
_bVikas Pub
_c2009
300 _a537
650 _aB.Tech(CSE)
942 _2ddc
_cBK
999 _c331
_d331